Prognózovanie dôchodkových dávok tretieho piliera na Slovensku

Článok sa zaoberá prognózovaním rôznych scenárov pri vyplácaní dôchodkových dávok tretieho piliera na Slovensku, ktorý je dôležitou súčasťou dôchodkového systému. Tretí pilier predstavuje dobrovoľné doplnkové dôchodkové sporenie, ktorého cieľom je zvýšiť životnú úroveň sporiteľov v starobe. Keďže ve...

Descrizione completa

Salvato in:
Dettagli Bibliografici
Autore principale: Horváthová, Martina, 1998-
Altri autori: Šoltésová, Tatiana, 1975-
Natura: Capitolo di libro
Lingua:slovacco
Soggetti:
Tags: Aggiungi Tag
Nessun Tag, puoi essere il primo ad aggiungerne!!

MARC

LEADER 00000naa$a2200000$$$4500
001 0305694
005 20241219095844.9
041 0 |a slo 
044 |a CZ 
245 1 0 |a Prognózovanie dôchodkových dávok tretieho piliera na Slovensku  |c Martina Horváthová, Tatiana Šoltésová 
520 |a Článok sa zaoberá prognózovaním rôznych scenárov pri vyplácaní dôchodkových dávok tretieho piliera na Slovensku, ktorý je dôležitou súčasťou dôchodkového systému. Tretí pilier predstavuje dobrovoľné doplnkové dôchodkové sporenie, ktorého cieľom je zvýšiť životnú úroveň sporiteľov v starobe. Keďže veľa klientov dôchodkových spoločností nemá prehľad o tom, čo výpis z osobného dôchodkového účtu sporiteľa obsahuje a nie je im jasné, ako je výsledná hodnota prognózy vývoja ich účtu kalkulovaná, vytvorili sme detailný rozbor údajov vstupujúcich do výpočtu prognózy a aj samotnú prognózu vývoja finančných prostriedkov na účte sporiteľa. V článku sme tiež objasnili právnu úpravu tohoto výpočtu. 
610 2 0 |a sporenie dôchodkové doplnkové 
610 2 0 |a účty osobné dôchodkové 
610 2 0 |a prognózovanie 
100 1 |a Horváthová, Martina, 1998- 
700 1 |a Šoltésová, Tatiana, 1975-